Statistics for Capitals Of Countries That Begin With'T'

Click here to take the quiz!

General Stats

  • This quiz has been taken 22 times
  • The average score is 8 of 11

Answer Stats

Answer% Correct
Ankara(Turkey)
88%
Tunis(Tunisia)
88%
Bangkok(Thailand)
82%
Dushanbe(Tajikistan)
82%
Ashgabat(Turkmenistan)
76%
Dodoma(Tanzania)
71%
Funafuti(Tuvalu)
71%
Port Of Spain(Trinidad and Tobago)
71%
Lome(Togo)
65%
Nukualofa(Tonga)
53%
Dili(Timor- Leste)
29%

Score Distribution

Percentile by Number Answered

Percent of People with Each Score

Your Score History

You have not taken this quiz